| 000 | 01357nam a2200325 i 4500 | ||
|---|---|---|---|
| 001 | 178275 | ||
| 003 | ES-MaACL | ||
| 005 | 20250704062547.0 | ||
| 008 | 110524s1998 sp |||| |dspa d | ||
| 020 | _a84-7030-477-1 | ||
| 080 | _a821.134.2 Ganivet, Ángel 1.06 | ||
| 080 | _a821.134.2-4"19" | ||
| 100 | 1 |
_aAzaña, Manuel, _d1880-1940 _924223 |
|
| 245 | 1 | 1 |
_a¡Todavía el 98! ; _bEl idearium de Ganivet ; Tres generaciones del Ateneo / _cManuel Azaña ; introducción de Santos Juliá. |
| 246 | 3 | _aTres generaciones del Ateneo | |
| 260 |
_aMadrid : _bBiblioteca Nueva, _c[1998] |
||
| 300 |
_a185 p. : _b1 retr. ; _c22 cm. |
||
| 490 | 1 |
_aBiblioteca del 98 ; _v9 |
|
| 505 | 8 | _aContiene: Tres generaciones del Ateneo: discurso leído, como presidente del Ateneo, el 20 de noviembre de 1930, en la sesión de apertura de curso | |
| 600 | 1 | 4 |
_aGanivet, Ángel, _d1865-1898- _xCrítica e interpretación _953866 |
| 610 | 2 | 4 |
_aAteneo de Madrid- _vHistoria _91925 |
| 610 | 2 | 4 |
_aAteneo de Madrid- _vDiscursos de apertura- _yS.XX. _91913 |
| 700 | 1 |
_aJuliá, Santos, _d1940-2019 _967236 |
|
| 740 | 3 | 2 | _aEl Idearium de Ganivet (1921-1930) |
| 830 | 1 |
_aBiblioteca del 98 ; _v9 _9224276 |
|
| 852 |
_aES-MaACL _9185134 _bR.145648 _jA-11237 _dOlim: N-4241 _cDEPO1 |
||
| 942 |
_2udc _cMONOGRAFIA |
||
| 999 |
_c178275 _d178275 |
||